00308nam a2200133Ia 45000030006000000080041000060400015000471000022000622450031000842500010001152600020001255460012001450050017001570STCL150530s9999 xx 000 0 und d aSTCLcSTCL aRoy Weintraub, E. aGeneral equilibrium theory aFirst bMacmillanc1974 aEnglish20220125165650.0